Washington D.C. City Trivia – Extreme - Statistics

General Stats
  • This quiz has been taken 81 times
    39 since last reset
  • The average score is 27 of 30
Answer Stats
Hint Answer % Correct
Address of the U.S. President 1600 {Pennsylvania} Avenue
100%
District that Washington is in District of {Columbia}
100%
Largest library in the world, holding tens of millions of books Library of {Congress}
100%
This activist gives his "I have a dream" speech Martin Luther King Jr.
100%
Bordering states Maryland
100%
Two rivers of DC Potomac
100%
Old name of the Commanders NFL team, viewed as insensitive Redskins
100%
Main work building Supreme {Court}
100%
Bordering states Virginia
100%
555 foot-tall obelisk at the center of the National Mall {Washington} Monument
100%
This office complex is broken into, soon leading to Nixon's resignation Watergate
100%
Most prestigious university Georgetown
96%
Major airports that serve DC Ronald Reagan
96%
Institution that owns 17 museums in DC Smithsonian
96%
Major airports that serve DC Dulles
93%
Monument across the reflecting pool from the WWII Memorial {Lincoln} Memorial
93%
How many electoral votes does Washington, DC get for elections? Three
93%
Main work building {White} House
93%
Nearby city that has the Pentagon Arlington
89%
Branches of government Executive
89%
Abraham Lincoln is shot in this theater {Ford}'s Theater
89%
Branches of government Judicial
89%
Washington takes the title of US capital from this city Philadelphia
89%
Due to the Height of Buildings Act, these are not allowed in DC Skyscrapers
89%
Branches of government Legislative
85%
The Declaration of Independence and Constitution are on display in this museum National {Archives}
78%
Main work building U.S. {Capitol}
78%
The British set fire to the city during this war War of 1812
78%
Busiest train station in DC {Union} Station
59%
Two rivers of DC Anacostia
48%
No matching quizzes found
Score Distribution
Percent of People with Each Score
Percentile by Number Answered
Your Score History
You have not taken this quiz since the last reset